Online
Catalog

Tragedias / (Record no. 25460)

MARC details
000 -CABECERA
campo de control de longitud fija 00912cam a2200229 a 4500
001 - NÚMERO DE CONTROL
campo de control 000025968
005 - FECHA Y HORA DE LA ÚLTIMA TRANSACCIÓN
campo de control 20200930024206.0
008 - DATOS DE LONGITUD FIJA--INFORMACIÓN GENERAL
campo de control de longitud fija 901219s1969 sp 000 | spa d
040 ## - FUENTE DE LA CATALOGACIÓN
Centro catalogador/agencia de origen DO-SdBNP
Lengua de catalogación spa
Centro/agencia transcriptor BNPHU
082 ## - NÚMERO DE LA CLASIFICACIÓN DECIMAL DEWEY
Número de clasificación NNN
Número de documento/Ítem C146t
049 ## - FONDOS LOCALES (OCLC)
Fondos de biblioteca BNGR
100 1# - ENTRADA PRINCIPAL--NOMBRE DE PERSONA
Nombre de persona Calderon de la Barca, Pedro
Fechas asociadas al nombre 1600-1681
9 (RLIN) 5547
245 10 - MENCIÓN DE TÍTULO
Título Tragedias /
Mención de responsabilidad, etc. Pedro Calderon de la Barca; edicion e introducción Francisco Ruiz Ramón.
260 ## - PUBLICACIÓN, DISTRIBUCIÓN, ETC.
Lugar de publicación, distribución, etc. Madrid :
Nombre del editor, distribuidor, etc. Alianza ,
Fecha de publicación, distribución, etc. 1969.
300 ## - DESCRIPCIÓN FÍSICA
Extensión 3 v. ;
Dimensiones 19 cm.
490 1# - MENCIÓN DE SERIE
Mención de serie El Libro de bolsillo
-- clásicos
Designación de volumen o secuencia 204
500 ## - NOTA GENERAL
Nota general Incluye refencias bibliográficas y notas
500 ## - NOTA GENERAL
Nota general Incluye contenidos del tomo del tomo III La devoción de la cruz ; El mágico prodigioso ; Los cabellos de Absalón ; La cisma de Inglatera
500 ## - NOTA GENERAL
Nota general La biblioteca posee el volumen 3
700 1# - PUNTO DE ACCESO ADICIONAL--NOMBRE DE PERSONA
Nombre de persona Ruiz Ramón, Francisco
Término indicativo de función/relación ed.
9 (RLIN) 25406
830 #0 - PUNTO DE ACCESO ADICIONAL DE SERIE-TÍTULO UNIFORME
Título uniforme El Libro de bolsillo ;
Nombre de parte o sección de la obra clásicos
Designación de volumen o secuencia 204
9 (RLIN) 45775
Holdings
Estado de retiro Estado de pérdida Restricciones de uso No para préstamo Código de colección Localización permanente Ubicación/localización actual Ubicación en estantería Fecha de adquisición Número de inventario Total de préstamos Signatura topográfica completa Código de barras Fecha visto por última vez Precio válido a partir de Tipo de ítem Koha
      Excluido de préstamo Monografías: Libros y Folletos General General En catalogación 24.02.2011 LF1   NNN C146t 25968-10 25.06.2020 25.06.2020 No se presta

Powered by Koha